Normal view MARC view
  • Morales, María Luisa

Entry Nombre Personal

Number of records used in: 2

001 - NUMERO DE CONTROL

  • campo de control: 44689

003 - IDENTIFICADOR DE NUMERO DE CONTROL

  • campo de control: UPN

005 - FECHA Y HORA DE LA ÜLTIMA TRANSACCIÓN

  • campo de control: 20220603125243.0

008 - DATOS DE LONGITUD FIJA

  • campo de control de longitud fija: 220603nn acznnaabn | a|a d

040 ## - FUENTE DE CATALOGACIÓN

  • Agencia original de catalogación: MX-MxUPN

100 1# - ENCABEZAMIENTO - NOMBRE PERSONAL

  • Nombre personal: Morales, María Luisa

670 ## - FUENTE EN LA QUE SE LOCALIZARON DATOS

  • Cita de la fuente: Desarrollo de la personalidad, 1975 :
  • Información localizada: portada (María Luisa Morales)

902 ## - CATALOGADOR

  • Catalogador: VAGG/030622